Zero to one notes on startups, or how to build the future
Na minha lista:
| Autor principal: | |
|---|---|
| Formato: | Livro |
| Idioma: | inglês |
| Publicado em: |
London
Virgin Books
2015
|
| Assuntos: | |
| Tags: |
Sem tags, seja o primeiro a adicionar uma tag!
|
MARC
| LEADER | 00000nam a2200000 4500 | ||
|---|---|---|---|
| 001 | 0208798 | ||
| 005 | 20240312120115.4 | ||
| 020 | |a 978-0-75355-520-0 | ||
| 020 | |a 9780753555200 | ||
| 041 | 0 | |a eng | |
| 044 | |a GB | ||
| 245 | 1 | 0 | |a Zero to one |b notes on startups, or how to build the future |c Peter Thiel with Blake Masters |
| 264 | 1 | |a London |b Virgin Books |c 2015 | |
| 300 | |a 210 s. | ||
| 610 | 2 | 0 | |a start-up |
| 610 | 2 | 0 | |a podnikanie |
| 610 | 2 | 0 | |a úspech pracovný |
| 610 | 2 | 0 | |a technológie nové |
| 610 | 2 | 0 | |a zručnosti |
| 610 | 2 | 0 | |a produkty |
| 610 | 2 | 0 | |a marketing |
| 610 | 2 | 0 | |a reklama |
| 610 | 2 | 0 | |a investície |
| 100 | 1 | |a Thiel, Peter | |